000 00598nam a2200145 a 4500
008 120416s0000 ||||||||||||||||| || u
020 _a0852969376
050 _aTL 586 Avi
100 _aMahapatra, Pravas
245 1 0 _aAviation weather surveillance systems
_cedited by Pravas Mahapatra
246 _aadvanced radar and surface sensors you ...
260 _aHerts
_bThe Institute of Electrical Engineers
_c1999
350 _a0.00
995 _D0.00
_FCBU-MAIN LIBRARY (Kitwe)
_H1
_I19.99
_M1
_UAVAILABLE
_WJul 6, 2006
_ZAnnex Low-Usage Collection
999 _c35365
_d35365